Kuba prežíva rozmach energetického sektora
Hospodárska situácia na Kube. Očakávaná zmena v dôsledku rozmachu energetického sektora. Pobrežné vody Kuby majú bohaté ložiská ropy, ktoré lákajú aj zahraničných investorov.
Enregistré dans:
| Format: | Chapitre de livre |
|---|---|
| Langue: | slovaque |
| Sujets: | |
| Tags: |
Pas de tags, Soyez le premier à ajouter un tag!
|
MARC
| LEADER | 00000naa$a2200000$$$4500 | ||
|---|---|---|---|
| 001 | 0001725 | ||
| 005 | 20230925123528.0 | ||
| 041 | 0 | |a slo | |
| 044 | |a SK | ||
| 245 | 1 | 0 | |a Kuba prežíva rozmach energetického sektora |
| 520 | |a Hospodárska situácia na Kube. Očakávaná zmena v dôsledku rozmachu energetického sektora. Pobrežné vody Kuby majú bohaté ložiská ropy, ktoré lákajú aj zahraničných investorov. | ||
| 610 | 2 | 0 | |a Kuba |
| 610 | 2 | 0 | |a situácia hospodárska |
| 610 | 2 | 0 | |a ropa |
| 610 | 2 | 0 | |a investície zahraničné |